[Event "Niederoesterreich Landesliga 0304"]
[Site "Austria"]
[Date "2004.02.08"]
[Round "8"]
[White "Stoppel, Franz"]
[Black "Blatny, Frantisek"]
[Result "1/2-1/2"]
[WhiteElo "2175"]
[BlackElo "2275"]
[PlyCount "30"]
[EventDate "2003.09.21"]
[EventType "team-tourn"]
[EventRounds "11"]
[EventCountry "AUT"]
[SourceTitle "EXT 2022"]
[Source "ChessBase"]
[SourceDate "2021.10.06"]
[SourceVersion "1"]
[SourceVersionDate "2021.10.06"]
[SourceQuality "1"]

1. d4 Nf6 2. Nf3 e6 3. c3 b6 4. Bf4 Bb7 5. e3 Be7 6. h3 Ne4 7. Nbd2 f5 8. Nxe4 Bxe4 9. Be2 0-0 10. 0-0 Bf6 11. Nd2 Bb7 12. Bf3 Bxf3 13. Nxf3 d6 14. Bh2 Nd7 15. Re1 d5 1/2-1/2

[Event "Niederoesterreich Landesliga 0304"]
[Site "Austria"]
[Date "2003.11.02"]
[Round "4"]
[White "Stoppel, Franz"]
[Black "Neuschmied, Siegfried"]
[Result "1-0"]
[WhiteElo "2175"]
[BlackElo "2159"]
[PlyCount "123"]
[EventDate "2003.09.21"]
[EventType "team-tourn"]
[EventRounds "11"]
[EventCountry "AUT"]
[SourceTitle "EXT 2022"]
[Source "ChessBase"]
[SourceDate "2021.10.06"]
[SourceVersion "1"]
[SourceVersionDate "2021.10.06"]
[SourceQuality "1"]

1. d4 Nf6 2. Nf3 g6 3. Bf4 Bg7 4. h3 c5 5. c3 Qb6 6. Qb3 Qxb3 7. axb3 cxd4 8. Nxd4 Na6 9. e3 0-0 10. Be2 d6 11. Bh2 Nc7 12. Na3 Ne6 13. Nab5 Nxd4 14. exd4 a6 15. 0-0 Bd7 16. Na3 Rac8 17. Bf3 Bc6 18. Bxc6 Rxc6 19. Rfe1 Rc7 20. Re2 Rd8 21. Rae1 Bf8 22. g4 h6 23. Bg3 Rcc8 24. Bh4 g5 25. Bg3 Nd5 26. Nc2 e6 27. Ne3 Nxe3 28. Rxe3 d5 29. Kg2 Bd6 30. b4 Kg7 31. h4 Be7 32. h5 Bd6 33. Bxd6 Rxd6 34. Kg3 Rb6 35. Ra1 Rb5 36. f4 gxf4+ 37. Kxf4 Kf6 38. Kg3 Rg8 39. Re5 Rg7 40. Kh4 Ke7 41. g5 f6 42. gxf6+ Kxf6 43. Rf1+ Ke7 44. Rfe1 Rb6 45. Rxd5 Rc6 46. Rde5 Kd7 47. Rc5 Rd6 48. Rce5 Rg2 49. R1e2 Rg1 50. Kh3 Rd5 51. Rg2 Rxe5 52. dxe5 Re1 53. Rg6 Rxe5 54. Rxh6 Re2 55. Rg6 Re5 56. Rh6 Re2 57. Rg6 Re1 58. Kh4 e5 59. Rh6 Rh1+ 60. Kg5 e4 61. Kf4 Rh4+ 62. Ke3 1-0

[Event "Baden op-A 30th"]
[Site "Baden"]
[Date "2002.04.26"]
[Round "1.9"]
[White "Stoppel, Franz"]
[Black "Zojer, Thomas"]
[Result "1-0"]
[WhiteElo "2152"]
[BlackElo "1790"]
[PlyCount "49"]
[EventDate "2002.04.26"]
[EventType "swiss"]
[EventRounds "5"]
[EventCountry "AUT"]
[SourceTitle "EXT 2003"]
[Source "ChessBase"]
[SourceDate "2002.11.25"]
[SourceVersion "1"]
[SourceVersionDate "2002.11.25"]
[SourceQuality "1"]

1. d4 d5 2. Nf3 Nf6 3. c3 e6 4. Bf4 Bd6 5. Bg3 0-0 6. e3 c6 7. Nbd2 Qc7 8. Ne5 Nbd7 9. f4 c5 10. Bd3 a6 11. 0-0 c4 12. Bc2 b5 13. e4 a5 14. Nexc4 bxc4 15. e5 Be7 16. exf6 Nxf6 17. Rb1 Bd6 18. Qf3 Ba6 19. Rfe1 Rfe8 20. Nf1 Rab8 21. f5 exf5 22. Rxe8+ Rxe8 23. Bh4 Ng4 24. Qxf5 Bxh2+ 25. Kh1 1-0

[Event "AUT-chT2O 0102"]
[Site "Austria"]
[Date "2001.11.18"]
[Round "5.4"]
[White "Schroll, Gerhard"]
[Black "Stoppel, Franz"]
[Result "1-0"]
[WhiteElo "2379"]
[BlackElo "2160"]
[PlyCount "51"]
[EventDate "2001.11.??"]
[EventType "team"]
[EventRounds "11"]
[EventCountry "AUT"]
[SourceTitle "EXT 2003"]
[Source "ChessBase"]
[SourceDate "2002.11.25"]
[SourceVersion "1"]
[SourceVersionDate "2002.11.25"]
[SourceQuality "1"]

1. d4 Nf6 2. c4 g6 3. Nc3 Bg7 4. e4 d6 5. Be2 0-0 6. Bg5 h6 7. Be3 e5 8. d5 Na6 9. Qd2 Nc5 10. f3 Kh7 11. Bd1 a5 12. Nge2 Ng8 13. Bc2 f5 14. exf5 Qh4+ 15. Bf2 Qxc4 16. fxg6+ Kh8 17. b3 Qa6 18. 0-0 b5 19. Ne4 Nxe4 20. Bxe4 Bd7 21. Rac1 Qb7 22. a3 Nf6 23. Be3 Ne8 24. Rc2 b4 25. a4 Rc8 26. Rfc1 1-0

[Event "AUT-chT2O 9899"]
[Site "Austria"]
[Date "1998.11.15"]
[Round "4"]
[White "Chulis, Alexander"]
[Black "Stoppel, Franz"]
[Result "1-0"]
[WhiteElo "2150"]
[BlackElo "2185"]
[PlyCount "37"]
[EventDate "1998.10.??"]
[EventType "team"]
[EventRounds "11"]
[EventCountry "AUT"]
[SourceTitle "EXT 2000"]
[Source "ChessBase"]
[SourceDate "1999.11.16"]
[SourceVersion "1"]
[SourceVersionDate "1999.11.16"]
[SourceQuality "1"]

1. e4 e6 2. d4 d5 3. Bd3 Nf6 4. e5 Nfd7 5. Ne2 c5 6. c3 b6 7. 0-0 Ba6 8. Bxa6 Nxa6 9. f4 g6 10. Nd2 h5 11. Nf3 Nc7 12. h3 h4 13. Be3 Be7 14. Ng5 Kf8 15. Qd3 c4 16. Qc2 Ne8 17. Nxe6+ fxe6 18. Qxg6 Ng7 19. f5 1-0

[Event "AUT-chT 9798"]
[Site "Austria"]
[Date "1997.10.12"]
[Round "1"]
[White "Spindelboeck, Gernot"]
[Black "Stoppel, Franz"]
[Result "1-0"]
[WhiteElo "2200"]
[BlackElo "2185"]
[PlyCount "101"]
[EventDate "1997.10.12"]
[EventType "team-tourn"]
[EventRounds "11"]
[EventCountry "AUT"]
[SourceTitle "CBM 063 ext"]
[Source "ChessBase"]
[SourceDate "1998.04.29"]
[SourceVersion "1"]
[SourceVersionDate "1998.04.29"]
[SourceQuality "1"]
[WhiteTeam "Graz Austria"]
[BlackTeam "Wiener Neustadt"]
[WhiteTeamCountry "AUT"]
[BlackTeamCountry "AUT"]

1. d4 Nf6 2. c4 g6 3. Nf3 Bg7 4. g3 0-0 5. Bg2 c6 6. 0-0 d5 7. cxd5 cxd5 8. Ne5 e6 9. Nc3 Nfd7 10. Nxd7 Bxd7 11. e4 dxe4 12. Nxe4 Bc6 13. Be3 Bd5 14. Qd2 Nc6 15. Rfd1 Qa5 16. Qxa5 Nxa5 17. Rac1 h6 18. Rc7 Rac8 19. Rdc1 Nc4 20. Rxc8 Rxc8 21. b3 Nb6 22. Nd6 Rxc1+ 23. Bxc1 Bxd4 24. Bxh6 Bxg2 25. Kxg2 Nd5 26. Nxb7 Nb4 27. a4 Nd3 28. Be3 Bxe3 29. fxe3 Kf8 30. Kf3 f5 31. e4 Ke7 32. exf5 exf5 33. Ke3 Ne5 34. h3 Nc6 35. Kd3 g5 36. Kc4 f4 37. gxf4 gxf4 38. Kd3 Kf6 39. Ke4 f3 40. Ke3 Kg5 41. Kxf3 Nd4+ 42. Ke4 Nxb3 43. Kd3 Kh4 44. Kc4 Nd2+ 45. Kb5 Ne4 46. Ka6 Nc3 47. a5 Nd5 48. Kxa7 Kxh3 49. Nd8 Nc7 50. Kb6 Nd5+ 51. Kb7 1-0

[Event "AUT-chT 9697"]
[Site "Austria"]
[Date "1996.??.??"]
[Round "4"]
[White "Fischer, Johann"]
[Black "Stoppel, Franz"]
[Result "1-0"]
[WhiteElo "2305"]
[BlackElo "2200"]
[PlyCount "105"]
[EventDate "1996.??.??"]
[EventType "team"]
[EventRounds "11"]
[EventCountry "AUT"]
[SourceTitle "CBM 057 Extra"]
[Source "ChessBase"]
[SourceDate "1997.05.01"]
[SourceVersion "1"]
[SourceVersionDate "1997.05.01"]
[SourceQuality "1"]

1. d4 Nf6 2. Nf3 g6 3. Bf4 Bg7 4. h3 d6 5. Nbd2 c5 6. c3 cxd4 7. cxd4 0-0 8. e3 Nc6 9. Bc4 Qb6 10. 0-0 Bd7 11. Qe2 Rac8 12. a3 Na5 13. Bd3 Qxb2 14. Rfb1 Qc3 15. e4 Qc7 16. Ra2 Ba4 17. Be3 Nd7 18. Kh2 Nb8 19. Rb4 Bd7 20. g3 b6 21. h4 Bg4 22. Qf1 Qb7 23. Qg2 Rc3 24. Be2 Rfc8 25. Rb1 Qc7 26. Ng1 Bxe2 27. Nxe2 Rd3 28. Nf4 Rxd2 29. Rxd2 e6 30. Rd3 Qd7 31. Rc1 Rxc1 32. Bxc1 Nbc6 33. Ne2 e5 34. d5 Ne7 35. Rc3 Nb7 36. f3 Nc5 37. Be3 Qb5 38. Nc1 f5 39. Bg5 Kf7 40. h5 f4 41. Rc2 Ng8 42. gxf4 Nf6 43. hxg6+ hxg6 44. fxe5 dxe5 45. Qg3 Nh5 46. Qg4 Qe8 47. Nb3 Bf8 48. Nxc5 Bxc5 49. a4 a5 50. Rg2 Kg7 51. Bc1 Kh7 52. Qg5 Bf8 53. d6 1-0

[Event "AUT-chT 9596"]
[Site "Austria"]
[Date "1996.??.??"]
[Round "?"]
[White "Stoppel, Franz"]
[Black "Fischer, Johann"]
[Result "1/2-1/2"]
[WhiteElo "2215"]
[BlackElo "2305"]
[PlyCount "47"]
[EventDate "1995.??.??"]
[EventType "team"]
[EventRounds "11"]
[EventCountry "AUT"]
[SourceTitle "CBM 052 Extra"]
[Source "ChessBase"]
[SourceDate "1996.07.01"]
[SourceVersion "1"]
[SourceVersionDate "1996.07.01"]
[SourceQuality "1"]

1. d4 d5 2. Nf3 Nf6 3. c3 c5 4. Bf4 Qb6 5. Qb3 c4 6. Qxb6 axb6 7. Nbd2 Nc6 8. a3 b5 9. Rc1 h6 10. h3 Bf5 11. g4 Bh7 12. Bg2 Ne4 13. Nxe4 Bxe4 14. 0-0 e6 15. Nd2 Bxg2 16. Kxg2 f5 17. e3 Kd7 18. f3 g5 19. Bh2 Bd6 20. Bxd6 Kxd6 21. e4 f4 22. e5+ Kc7 23. h4 Ne7 24. h5 1/2-1/2

[Event "AUT-chT 9596"]
[Site "Austria"]
[Date "1996.??.??"]
[Round "?"]
[White "Watzka, Horst"]
[Black "Stoppel, Franz"]
[Result "1-0"]
[WhiteElo "2340"]
[BlackElo "2215"]
[PlyCount "72"]
[EventDate "1995.??.??"]
[EventType "team"]
[EventRounds "11"]
[EventCountry "AUT"]
[SourceTitle "CBM 052 Extra"]
[Source "ChessBase"]
[SourceDate "1996.07.01"]
[SourceVersion "1"]
[SourceVersionDate "1996.07.01"]
[SourceQuality "1"]

1. e4 e6 2. d4 d5 3. Nd2 c5 4. Ngf3 Nf6 5. exd5 Nxd5 6. Nb3 cxd4 7. Nbxd4 Be7 8. c3 Bf6 9. Bb5+ Bd7 10. Qb3 Nc6 11. Nxc6 bxc6 12. Bd3 a5 13. Qc2 Qc7 14. 0-0 h6 15. Be4 0-0 16. a3 Rab8 17. c4 Ne7 18. Rb1 c5 19. Be3 Nf5 20. Bxf5 exf5 21. Bd2 Be6 22. Rfe1 Rb7 23. Bc3 Bxc3 24. Qxc3 Rfb8 25. Nd2 a4 26. Qc2 Qf4 27. Re3 Qd4 28. Rc3 Qf6 29. h3 Bd7 30. b3 Bc6 31. Rd3 f4 32. f3 Qg6 33. Qc3 Qg3 34. b4 cxb4 35. axb4 Re7 36. b5 Ba8 1-0

[Event "AUT-chT 9596"]
[Site "Austria"]
[Date "1996.??.??"]
[Round "?"]
[White "Woeber, Friedrich"]
[Black "Stoppel, Franz"]
[Result "1/2-1/2"]
[WhiteElo "2225"]
[BlackElo "2215"]
[PlyCount "22"]
[EventDate "1995.??.??"]
[EventType "team"]
[EventRounds "11"]
[EventCountry "AUT"]
[SourceTitle "CBM 052 Extra"]
[Source "ChessBase"]
[SourceDate "1996.07.01"]
[SourceVersion "1"]
[SourceVersionDate "1996.07.01"]
[SourceQuality "1"]

1. e4 e6 2. d4 d5 3. e5 c5 4. c3 Bd7 5. Be3 Qb6 6. Qd2 Nc6 7. Nf3 cxd4 8. cxd4 Nge7 9. Nc3 Nf5 10. Bd3 Bb4 11. 0-0 Rc8 1/2-1/2

[Event "AUT-chT 9495"]
[Site "Austria"]
[Date "1995.??.??"]
[Round "?"]
[White "Stoppel, Franz"]
[Black "Pils, Walter"]
[Result "1/2-1/2"]
[WhiteElo "2215"]
[BlackElo "2355"]
[PlyCount "81"]
[EventDate "1994.??.??"]
[EventType "team"]
[EventRounds "11"]
[EventCountry "AUT"]
[SourceTitle "CBM 045 Extra"]
[Source "ChessBase"]
[SourceDate "1995.05.01"]
[SourceVersion "1"]
[SourceVersionDate "1995.05.01"]
[SourceQuality "1"]

1. Nf3 Nf6 2. c4 c5 3. g3 g6 4. Bg2 Bg7 5. 0-0 0-0 6. Nc3 Nc6 7. d3 a6 8. a3 Rb8 9. Rb1 b5 10. cxb5 axb5 11. b4 cxb4 12. axb4 d6 13. Bd2 Bd7 14. Ne1 Qc8 15. Nd5 Nxd5 16. Bxd5 Be6 17. Bxe6 Qxe6 18. Nf3 Rfc8 19. Re1 Ra8 20. Qb3 Nd4 21. Nxd4 Bxd4 22. Qxe6 fxe6 23. e3 Bc3 24. Red1 Kf7 25. Kg2 e5 26. Rb3 Bxd2 27. Rxd2 Ke6 28. e4 Ra4 29. Kf3 Rc1 30. h4 h5 31. Ke3 Re1+ 32. Re2 Rc1 33. Rd2 Re1+ 34. Re2 Rc1 35. Rd2 Raa1 36. Re2 Kd7 37. Rd2 Ke6 38. Re2 Rc8 39. Rd2 Ra4 40. Ke2 Rc1 41. Ke3 1/2-1/2

[Event "AUT-ch"]
[Site "Austria"]
[Date "1994.??.??"]
[Round "4"]
[White "Hoelzl, Franz"]
[Black "Stoppel, Franz"]
[Result "1/2-1/2"]
[WhiteElo "2370"]
[BlackElo "2215"]
[PlyCount "107"]
[EventDate "1994.??.??"]
[EventType "swiss"]
[EventRounds "9"]
[EventCountry "AUT"]
[SourceTitle "EXT 1999"]
[Source "ChessBase"]
[SourceDate "1998.11.16"]
[SourceVersion "1"]
[SourceVersionDate "1998.11.16"]
[SourceQuality "1"]

1. d4 Nf6 2. c4 g6 3. Nc3 Bg7 4. e4 d6 5. Be2 0-0 6. Nf3 e5 7. Be3 exd4 8. Nxd4 Re8 9. f3 Nc6 10. Qd2 Nxd4 11. Bxd4 Be6 12. 0-0 c6 13. Rfd1 Qa5 14. a3 Rad8 15. b4 Qc7 16. Rac1 Qb8 17. Bf1 d5 18. exd5 cxd5 19. c5 a6 20. a4 Nh5 21. Ne2 Bd7 22. Qa2 Bh6 23. Ra1 Nf4 24. Nc3 Ne6 25. Bf6 d4 26. Bxd8 dxc3 27. Bf6 Qf4 28. Bxc3 Qe3+ 29. Kh1 Qxc3 30. Rxd7 Qxb4 31. Rb1 Qxc5 32. Rdxb7 a5 33. Rb8 Rxb8 34. Rxb8+ Bf8 35. Rb5 Qc3 36. Qc4 Qe1 37. Qe2 Qc3 38. Qd3 Qe1 39. Qb1 Qc3 40. Rb8 h5 41. h3 Qe5 42. Qb5 Qa1 43. Qc4 Qe1 44. Ra8 Kg7 45. Qe2 Qc3 46. Rb8 Bb4 47. Rb5 Kh7 48. Rb7 Kg8 49. Qb5 Kg7 50. Qd5 Qe1 51. Qd3 Bc5 52. Qb1 Qg3 53. Rd7 Bd6 54. Rxd6 1/2-1/2

[Event "AUT-chT"]
[Site "Austria"]
[Date "1994.??.??"]
[Round "?"]
[White "Liedl, Wolfgang"]
[Black "Stoppel, Franz"]
[Result "1-0"]
[WhiteElo "2215"]
[BlackElo "2250"]
[PlyCount "61"]
[EventDate "1994.??.??"]
[EventType "team"]
[EventRounds "11"]
[EventCountry "AUT"]
[SourceTitle "TD"]
[Source "ChessBase"]
[SourceDate "1994.03.01"]
[SourceVersion "1"]
[SourceVersionDate "1994.03.01"]
[SourceQuality "1"]

1. d4 Nf6 2. c4 g6 3. Nc3 Bg7 4. e4 d6 5. Nf3 0-0 6. Be2 e5 7. 0-0 Nc6 8. d5 Ne7 9. Ne1 c6 10. Be3 cxd5 11. cxd5 a6 12. a4 Nd7 13. a5 f5 14. f3 Kh8 15. Na4 Ng8 16. Nb6 Nxb6 17. Bxb6 Qe7 18. Rc1 fxe4 19. fxe4 Rxf1+ 20. Bxf1 Qh4 21. Rc4 Bh6 22. g3 Qe7 23. Rc7 Bd7 24. Rxb7 Rf8 25. Bxa6 Qe8 26. Bd3 Nf6 27. a6 Bh3 28. Ng2 Bc8 29. Rb8 Nd7 30. a7 Nxb6 31. Rxb6 1-0

[Event "AUT-ch"]
[Site "Austria"]
[Date "1994.??.??"]
[Round "2"]
[White "Sommerbauer, Norbert"]
[Black "Stoppel, Franz"]
[Result "1-0"]
[WhiteElo "2365"]
[BlackElo "2215"]
[PlyCount "65"]
[EventDate "1994.??.??"]
[EventType "swiss"]
[EventRounds "9"]
[EventCountry "AUT"]
[SourceTitle "EXT 1999"]
[Source "ChessBase"]
[SourceDate "1998.11.16"]
[SourceVersion "1"]
[SourceVersionDate "1998.11.16"]
[SourceQuality "1"]

1. Nf3 Nf6 2. c4 g6 3. Nc3 Bg7 4. e4 d6 5. d4 0-0 6. h3 e5 7. dxe5 dxe5 8. Qxd8 Rxd8 9. Bg5 Nbd7 10. 0-0-0 Rf8 11. Nd5 Nxd5 12. cxd5 c6 13. dxc6 bxc6 14. Bc4 Nb6 15. Bb3 Ba6 16. Be7 Rfe8 17. Bc5 Be2 18. Rd2 Bh6 19. Be3 Bxe3 20. fxe3 Bc4 21. Bxc4 Nxc4 22. Rd3 f5 23. Rc3 Nd6 24. exf5 Nxf5 25. g4 Ng3 26. Re1 e4 27. Nd4 Rf8 28. Rxc6 Rf2 29. Rc2 Rf1 30. Rxf1 Nxf1 31. Rc3 Rd8 32. Ne6 Re8 33. Nc5 1-0

[Event "AUT-ch"]
[Site "Austria"]
[Date "1994.??.??"]
[Round "5"]
[White "Stoppel, Franz"]
[Black "Ebner, Hubert"]
[Result "1/2-1/2"]
[WhiteElo "2250"]
[BlackElo "2225"]
[PlyCount "88"]
[EventDate "1994.??.??"]
[EventType "swiss"]
[EventRounds "9"]
[EventCountry "AUT"]
[SourceTitle "EXT 2003"]
[Source "ChessBase"]
[SourceDate "2002.11.25"]
[SourceVersion "1"]
[SourceVersionDate "2002.11.25"]
[SourceQuality "1"]

1. d4 Nf6 2. Nf3 g6 3. c3 Bg7 4. Bf4 d6 5. h3 0-0 6. e3 b6 7. Be2 Bb7 8. 0-0 c5 9. Nbd2 Nbd7 10. Bh2 Ne4 11. Nxe4 Bxe4 12. Nd2 Bb7 13. Bf3 Qc7 14. Bxb7 Qxb7 15. Qf3 Qxf3 16. Nxf3 Nf6 17. Rfd1 cxd4 18. cxd4 Rfc8 19. Rac1 Ne4 20. Kf1 f5 21. Ke2 Kf7 22. Ne1 Nf6 23. Nd3 Nd5 24. Nf4 Nxf4+ 25. Bxf4 e5 26. dxe5 dxe5 27. Bg3 Ke6 28. f3 Bh6 29. Be1 Bf8 30. e4 Bc5 31. Bf2 Bxf2 32. Kxf2 Rxc1 33. Rxc1 fxe4 34. fxe4 Kd6 35. Ke2 Rf8 36. g3 Kd7 37. Rd1+ Ke6 38. Rc1 Kd7 39. a4 Rf6 40. a5 Rc6 41. Rd1+ Rd6 42. Rf1 Ke7 43. Rc1 Kd7 44. Rf1 Ke7 1/2-1/2

[Event "AUT-chT"]
[Site "Austria"]
[Date "1994.??.??"]
[Round "?"]
[White "Thaler, Heimo"]
[Black "Stoppel, Franz"]
[Result "0-1"]
[WhiteElo "2180"]
[BlackElo "2250"]
[PlyCount "114"]
[EventDate "1994.??.??"]
[EventType "team"]
[EventRounds "11"]
[EventCountry "AUT"]
[SourceTitle "TD"]
[Source "ChessBase"]
[SourceDate "1994.03.01"]
[SourceVersion "1"]
[SourceVersionDate "1994.03.01"]
[SourceQuality "1"]

1. d4 Nf6 2. c4 g6 3. Nc3 Bg7 4. e4 d6 5. f3 0-0 6. Be3 Nc6 7. Nge2 a6 8. Qd2 Rb8 9. g4 b5 10. Ng3 e5 11. d5 Nd4 12. Kf2 Bxg4 13. Bxd4 exd4 14. Nce2 Bd7 15. Nxd4 h5 16. h4 Ng4+ 17. fxg4 Qf6+ 18. Kg2 Qxd4 19. Qxd4 Bxd4 20. cxb5 Bxg4 21. Rc1 axb5 22. b3 Rb7 23. Bd3 Re8 24. Rhf1 Kg7 25. Rc2 Re7 26. Ne2 Bf6 27. Kg3 Be5+ 28. Kg2 b4 29. Ng1 Ra7 30. Nh3 Bd4 31. Nf4 Ra5 32. Ne2 Bb6 33. Ng3 Rc5 34. Bc4 Ra5 35. Bd3 Ra8 36. Bb5 Bd4 37. Rfc1 Ra7 38. Bd3 Bf6 39. Rh1 Ra5 40. Bc4 Be5 41. Bd3 Re8 42. Ne2 Rea8 43. Nc1 Rc5 44. Bc4 Rca5 45. Bd3 R8a7 46. Rf1 Bd4 47. Re1 f6 48. Kg3 g5 49. hxg5 fxg5 50. Be2 Be5+ 51. Kf2 Bc3 52. Rh1 Rc5 53. Kg2 Bxe2 54. Nxe2 Be5 55. Rhc1 Raa5 56. Kf3 g4+ 57. Kg2 Kg6 0-1

[Event "AUT-ch"]
[Site "Austria"]
[Date "1994.??.??"]
[Round "7"]
[White "Wegerer, Fred"]
[Black "Stoppel, Franz"]
[Result "1/2-1/2"]
[WhiteElo "2330"]
[BlackElo "2215"]
[PlyCount "98"]
[EventDate "1994.??.??"]
[EventType "swiss"]
[EventRounds "9"]
[EventCountry "AUT"]
[SourceTitle "EXT 1999"]
[Source "ChessBase"]
[SourceDate "1998.11.16"]
[SourceVersion "1"]
[SourceVersionDate "1998.11.16"]
[SourceQuality "1"]

1. g3 Nf6 2. Bg2 g6 3. c4 Bg7 4. Nc3 0-0 5. e4 d6 6. Nge2 e5 7. 0-0 Nc6 8. d3 a6 9. h3 Rb8 10. Nd5 Nxd5 11. cxd5 Ne7 12. Bg5 c5 13. dxc6 bxc6 14. Qc2 c5 15. Rab1 Be6 16. Nc3 h6 17. Bxe7 Qxe7 18. Rfc1 h5 19. Nd5 Bxd5 20. exd5 h4 21. Qa4 hxg3 22. fxg3 Qa7 23. Rc4 Bh6 24. Kh1 Be3 25. b4 Bd4 26. Qc2 Rfc8 27. a4 Rc7 28. bxc5 Rxb1+ 29. Qxb1 Rxc5 30. h4 Rxc4 31. dxc4 Qc5 32. Qb3 Kg7 33. Kh2 Bg1+ 34. Kh1 Be3 35. Qd3 Bf2 36. Bf1 a5 37. Kg2 Bg1 38. Qf3 f5 39. Be2 e4 40. Qf1 Be3 41. h5 Qd4 42. hxg6 Kxg6 43. Qh1 Qd2 44. Qh5+ Kg7 45. Kh3 Qe1 46. Qxf5 Qxe2 47. Qd7+ Kg8 48. Qe8+ Kg7 49. Qe7+ Kg8 1/2-1/2

[Event "AUT-chT"]
[Site "Austria"]
[Date "1993.??.??"]
[Round "?"]
[White "Stoppel, Franz"]
[Black "Baumgartner, Heinz"]
[Result "1-0"]
[WhiteElo "2260"]
[BlackElo "2330"]
[PlyCount "119"]
[EventDate "1993.??.??"]
[EventType "team"]
[EventRounds "11"]
[EventCountry "AUT"]
[SourceTitle "TD"]
[Source "ChessBase"]
[SourceDate "1994.03.01"]
[SourceVersion "1"]
[SourceVersionDate "1994.03.01"]
[SourceQuality "1"]

1. d4 d5 2. c3 e6 3. Bf4 c6 4. e3 f5 5. Nf3 Nf6 6. h3 Be7 7. Be2 0-0 8. Nbd2 Ne4 9. Bh2 Nd7 10. 0-0 Bd6 11. Nxe4 Bxh2+ 12. Nxh2 fxe4 13. f4 exf3 14. Nxf3 Qe7 15. Qd2 e5 16. Rae1 e4 17. Nh2 Nf6 18. Rf2 Be6 19. Ref1 h5 20. h4 g6 21. Rf4 Kg7 22. Qe1 Rac8 23. Qg3 Qc7 24. R1f2 Rf7 25. Nf1 Qb8 26. Qg5 Nh7 27. Rxf7+ Bxf7 28. Qe7 Rf8 29. g4 hxg4 30. Bxg4 Qe8 31. Qxe8 Rxe8 32. Kh2 Nf6 33. Kg3 Be6 34. Be2 b6 35. Nh2 c5 36. Ng4 Bxg4 37. Bxg4 Re7 38. Rd2 Kf7 39. Kf4 c4 40. Kg5 Nh7+ 41. Kh6 Nf6 42. Rf2 Rc7 43. Kg5 Rc6 44. Bd7 Rd6 45. Be8+ Kg7 46. Bxg6 Ng4 47. Rf7+ Kg8 48. h5 Nxe3 49. Rxa7 Rd8 50. Rb7 Nd1 51. Rxb6 Rf8 52. a4 e3 53. a5 e2 54. Re6 Nxb2 55. Rxe2 Nd1 56. Rc2 Ra8 57. Rc1 Nf2 58. Re1 Nh3+ 59. Kg4 Nf2+ 60. Kg3 1-0

[Event "AUT-chT"]
[Site "Austria"]
[Date "1993.??.??"]
[Round "?"]
[White "Stoppel, Franz"]
[Black "Zoebisch, Herbert"]
[Result "1-0"]
[WhiteElo "2260"]
[BlackElo "2220"]
[PlyCount "137"]
[EventDate "1993.??.??"]
[EventType "team"]
[EventRounds "11"]
[EventCountry "AUT"]
[SourceTitle "TD"]
[Source "ChessBase"]
[SourceDate "1994.03.01"]
[SourceVersion "1"]
[SourceVersionDate "1994.03.01"]
[SourceQuality "1"]

1. d4 d5 2. Nf3 Nf6 3. c3 e6 4. Bf4 c5 5. e3 Qb6 6. Qb3 Nc6 7. Nbd2 Be7 8. Be2 Bd7 9. h3 h6 10. Ne5 cxd4 11. exd4 0-0 12. 0-0 Rac8 13. Rfe1 Rfd8 14. Nxd7 Rxd7 15. Qxb6 axb6 16. Bb5 Rdd8 17. g4 Bd6 18. Bxd6 Rxd6 19. Bd3 Rdd8 20. f4 Ra8 21. Re2 Ne8 22. a3 Nd6 23. Rae1 Kf8 24. Nf3 Rac8 25. Kg2 Rc7 26. h4 g6 27. Ne5 Kg7 28. Kh3 Rh8 29. h5 gxh5 30. gxh5 Ne7 31. Rg1+ Kf8 32. Ng4 Nef5 33. Nf6 b5 34. Reg2 Rc8 35. Re1 Rc7 36. Re5 Ne7 37. f5 Nc6 38. Ree2 Re7 39. fxe6 fxe6 40. Ref2 Nf7 41. Kh2 Na7 42. Bg6 Nc8 43. Ng4 Ncd6 44. Ne5 Rg8 45. Bxf7 Rxg2+ 46. Kxg2 Nxf7 47. Ng6+ Ke8 48. Nxe7 Kxe7 49. Kg3 Ng5 50. Rf4 Nf7 51. Rg4 Kf6 52. Rf4+ Ke7 53. Rf2 Ng5 54. Rf1 Ne4+ 55. Kh4 Ng5 56. Kg4 Ne4 57. Kf4 Nf6 58. Rh1 Kf7 59. Rh4 Ke7 60. Ke3 Kd6 61. Kd3 Ke7 62. Kc2 Kd6 63. Kb3 Kc6 64. Kb4 Kb6 65. Rh1 Kc6 66. Ka5 Ne4 67. Rg1 Nd6 68. Rg6 b4 69. Kxb4 1-0

[Event "AUT-chT2O 9293"]
[Site "Austria"]
[Date "1992.??.??"]
[Round "?"]
[White "Stoppel, Franz"]
[Black "Wiedermann, Franz"]
[Result "1-0"]
[WhiteElo "2240"]
[BlackElo "2220"]
[PlyCount "63"]
[EventDate "1992.??.??"]
[EventType "team"]
[EventRounds "11"]
[EventCountry "AUT"]
[SourceTitle "EXT 1997"]
[Source "ChessBase"]
[SourceDate "1996.11.15"]
[SourceVersion "1"]
[SourceVersionDate "1996.11.15"]
[SourceQuality "1"]

1. Nf3 Nf6 2. d4 c5 3. c3 b6 4. Bf4 Bb7 5. e3 e6 6. h3 Be7 7. Be2 0-0 8. 0-0 d6 9. Nbd2 Nbd7 10. Bh2 Qc7 11. a4 a6 12. Qc2 cxd4 13. exd4 Rac8 14. Ng5 h6 15. Nge4 Nxe4 16. Nxe4 f5 17. Nd2 Kh8 18. Bf3 e5 19. Bxb7 Qxb7 20. dxe5 dxe5 21. f3 Qd5 22. Rad1 Qe6 23. Rfe1 Bc5+ 24. Kh1 Qf6 25. Nc4 Rf7 26. Nxe5 Nxe5 27. Rxe5 f4 28. Qe4 Be3 29. Bg1 Bxg1 30. Kxg1 Qh4 31. Rd6 Rd8 32. Rxd8+ 1-0